000 00590aas a2200181 4500
999 _c50090
_d50090
001 768714001
003 CO-MdFUSB
005 20170906131109.0
008 170906s2002 ag ||||| |||| 00| 0 spa d
022 _a0326-6737
040 _aCO-MdFUSB
_bspa
_cCO-MdFUSB
_dCO-MdFUSB
041 _aspa
100 1 _aVena, Osvaldo D.
_eautor
245 1 0 _aLa "otra" comunidad detrás del evangelio de Marcos
_c/ Vena, Osvaldo D.
300 _a Volumen 21 (2002), páginas 51-66
_c: 23 cm.
773 0 _tCuadernos de Teología
_049404
_959700
_g Volumen 21 (2002), páginas 51-66
_qPágina 51
942 _cANA